Forensic investigation of explosions (Record no. 394427)

MARC details
000 -LEADER
fixed length control field 00613 a2200217 4500
005 - DATE & TIME
control field 20260414112726.0
008 - FIXED-LENGTH DATA ELEMENTS--GENERAL INFORMATION
fixed length control field 260413b |||||||| |||| 00| 0 eng d
020 ## - ISBN
International Standard Book Number 9780367778200
Price £ 87.99
040 ## - CATALOGING SOURCE
Original cataloging agency VIVEKANANDA LIBRARY
082 ## - DDC NUMBER
Classification number 363.2562
Book Number B467F(2)
100 ## - MAIN ENTRY--PERSONAL NAME
Personal name Beveridge, Alexander, ed.
245 ## - TITLE STATEMENT
Title Forensic investigation of explosions
250 ## - EDITION STATEMENT
Edition statement 2nd
260 ## - PUBLICATION, DISTRIBUTION, ETC. (IMPRINT)
Name of publisher, distributor, etc CRC Press
Date of publication, distribution, etc 2020
Place of publication, distribution, etc London
300 ## - PHYSICAL DESCRIPTION
Pages xxxvii, 792
440 ## - Series Statement
Series Title International forensic science and investigation series
650 ## - Subject
Subject Forensic Science
650 ## - Subject
Subject Police Services
650 ## - Subject
Subject Criminal Investigation
942 ## - ADDED ENTRY ELEMENTS (KOHA)
Koha item type Books
Holdings
Withdrawn status Lost status Source of classification or shelving scheme Damaged status Not for loan Location (home branch) Sublocation or collection (holding branch) Shelving location Date acquired Koha issues (times borrowed) Koha full call number Accession No. Koha date last seen Koha item type
    Dewey Decimal Classification     VIVEKANANDA LIBRARY VIVEKANANDA LIBRARY Vivekananda Library 25/03/2026   363.2562 B467F(2) 438899 25/03/2026 Books
© Designed and Maintained by Vivekananda Library, MDU Rohtak